[Event "Corus"]
[Site "Wijk aan Zee"]
[Date "2009.01.18"]
[Round "2"]
[White "Wang, Yue"]
[Black "Ivanchuk, Vassily"]
[Result "0-1"]
[WhiteElo "2739"]
[BlackElo "2779"]
[Annotator "Krasenkow,M"]
[PlyCount "50"]
[EventDate "2009.01.17"]
[EventType "tourn"]
[EventRounds "13"]
[EventCountry "NED"]
[EventCategory "19"]
[SourceTitle "CBM 129"]
[Source "ChessBase"]
[SourceDate "2009.03.25"]
[SourceVersion "1"]
[SourceVersionDate "2009.03.25"]
[SourceQuality "1"]

1. d4 Nf6 2. c4 e6 3. Nf3 d5 4. Bg5 dxc4 5. Qa4+ Nbd7 6. Nc3 a6 7. g3 $146 {
[%mdl 8] A novelty in this well-known position!} (7. e4 {is the main line but
Black is apparently OK after} b5 $1 {or else:} (7... Rb8 8. Qxc4 (8. Bxf6 Qxf6
9. Qxc4 c5 10. e5 Qf4 11. d5 Qxc4 12. Bxc4 Nb6 13. Nd2 Nxc4 14. Nxc4 b5 15. Ne3
Be7 16. d6 Bd8 $13 {1/2 Damaso,R (2440)-Korneev,O (2560)/Leon 1998/EXT 1999 
(33)}) 8... b5 9. Qd3 Bb7 10. e5 h6 11. Bh4 g5 12. Nxg5 hxg5 13. Bxg5 {0-1
Radulescu,M-Bondoc,D/Bucharest 1965/EXT 2008 (40)} Rg8 $1 14. h4 b4 15. Na4
Rxg5 16. hxg5 Ne4 $132) (7... Be7 8. Bxc4 (8. Bxf6 Bxf6 9. e5 Be7 10. Bxc4 O-O
11. Qc2 c5 12. d5 $2 Nb6 13. d6 Nxc4 14. dxe7 Qxe7 15. Ne4 b5 16. Nfg5 f5 17.
exf6 gxf6 18. Nf3 Bb7 $17 {1-0 Namgilov,S-Meszaros,G/Budapest 1990/EXT 2000 
(39)}) 8... O-O (8... Rb8 9. Qc2 b5 10. Bd3 Bb7 11. Rd1 c5 12. dxc5 Qa5 13. O-O
Nxc5 $13 {0-1 Damljanovic,B (2587)-Adla,D (2494)/Zaragoza 2003/EXT 2004 (57)})
9. Qc2 c5 (9... h6 10. Bxf6 Nxf6 11. e5 Nd5 12. Qe4 Bb4 13. Rc1 c5 14. O-O Bxc3
15. bxc3 cxd4 16. cxd4 Bd7 17. Bd3 g6 18. Qg4 Kg7 $11 {[%cal Yd7b5] 1/2 Zhao
Jun (2566)-Xu Jun (2534)/Jiangsu Wuxi CHN 2008/The Week in Chess 736 (36)}) 10.
dxc5 Qc7 11. b4 b6 12. O-O Bb7 13. Rfe1 Ne5 14. Nxe5 Qxe5 15. Be3 bxc5 16. b5
axb5 {1/2 Hort,V (2540)-Lau,R (2485)/Bad Neuenahr 1991/CBM 024}) (7... h6 $143
8. Bxf6 gxf6 9. Bxc4 Rb8 10. Be2 b5 11. Qc2 c5 12. d5 Bd6 13. O-O Qc7 14. a4 b4
15. dxe6 fxe6 16. Nb1 Ne5 17. Nbd2 O-O 18. Kh1 Bb7 19. Nc4 Nxf3 20. Bxf3 Be5
21. Bg4 $14 {1/2 Sapis,W (2375)-Hnydiuk,A (2355)/Ksiaz 1998/CBM 063 ext (27)})
8. Nxb5 axb5 (8... Rb8 9. Nc3 Rxb2 10. Ne5 Bb7 $2 (10... h6 11. Bc1 (11. Nc6
Nb6 $1 12. Nxd8+ Nxa4 13. Nxa4 Rb4 $17) 11... Rb4 12. Qc2 c5 $5) (10... c5 11.
d5 Rb4 $1 12. Qc6 Rb6 $11 {J.Speelman}) 11. Nxc4 Rb4 12. Qc2 Ba8 13. e5 h6 14.
Bd2 Nd5 15. Nxd5 Bxd5 16. Nd6+ $1 Bxd6 17. exd6 Rb7 18. Ba5 Qa8 19. dxc7 O-O
20. h4 Rc8 21. Rh3 Qa7 22. Rc1 $1 Qxd4 23. Qc3 $16 {1-0 Speelman,J (2605)-Muir,
A (2340)/England 1994/CBM 040/[Speelman,J] (44)}) 9. Qxa8 Bb4+ 10. Kd1 Nb6 11.
Qa7 $6 (11. Qc6+ Bd7 12. Qb7 Bc8 $11) 11... e5 $1 12. Kc2 exd4 13. Rd1 d3+ 14.
Bxd3 cxd3+ 15. Rxd3 Qe7 16. a3 O-O 17. axb4 Qxe4 $36 {1-0 Arbakov,V (2400)
-Ivanov,A (2470)/Simferopol 1989/EXT 1997 (38)}) ({The other moves (and
therefore the whole line) are equally harmless:} 7. Qxc4 b5 (7... c5 $5) 8. Qb3
(8. Qc6 $6 Ra7 9. Ne5 Be7 10. Bxf6 Bxf6 11. Nxd7 Bxd7 12. Qc5 Qa8 13. e3 Be7
14. Qh5 b4 15. Ne2 O-O $15 {0-1 Markmann,U-Buecker,P (2285)/Germany 1984/EXT
2001 (30)}) 8... c5 9. e3 (9. dxc5 Nxc5 10. Qd1 Bb7 11. Qxd8+ Rxd8 12. Rc1 h6
13. Be3 Nce4 14. Nd2 Nxc3 15. bxc3 Ba3 $17 {0-1 Khmelnitski,A (2486)-Ivanov,A 
(2312)/St Petersburg 2005/CBM 108 ext (64)}) 9... Bb7 10. Be2 cxd4 11. exd4 Be7
12. O-O O-O 13. Ne5 Nb6 14. Rfd1 Nfd5 15. Bxe7 Qxe7 16. Bf3 Nxc3 17. Qxc3 Rac8
18. Qd3 Bxf3 19. Nxf3 h6 $15 {0-1 Pyda,Z (2405)-Volzhin,A (2530)/Wisla 1998/
EXT 2000 (63)}) (7. Bxf6 gxf6 (7... Qxf6 8. Qxc4 c5 9. Ne4 Qf4 10. dxc5 Nxc5
11. Ned2 Qxc4 12. Nxc4 b5 $15 {1/2 Arnold,F (2355)-Peredy,F (2235)/Budapest
1995/CBM 050 ext (38)}) 8. O-O-O Rb8 9. Qxc4 b5 10. Qd3 Bh6+ 11. e3 Bb7 12. d5
Qe7 13. dxe6 fxe6 14. Qd4 Bg7 15. Qh4 f5 16. Qxe7+ Kxe7 $15 {0-1 Goldin,A 
(2530)-Gelfand,B (2585)/Klaipeda 1988/CBM 011 (32)}) (7. e3 Rb8 8. Bxf6 gxf6 9.
Qxc4 b5 10. Qd3 Bb7 11. Rd1 c5 12. d5 c4 13. Qc2 Bb4 14. dxe6 fxe6 15. Be2 Qa5
{1/2 Csom,I (2460)-Schlosser,P (2485)/Budapest 1991/CBM 027}) 7... b5 $1 {
A typical pawn sacrifice.} (7... c5 8. Bg2 {[%cal Gg2a8]}) 8. Nxb5 Rb8 9. Na7
$2 {[%csl Ra7] Directly to hell!} (9. Na3 Rxb2 (9... Bb4+ 10. Bd2 Bxd2+ 11.
Nxd2 Bb7 12. f3 O-O 13. Naxc4 Nb6 14. Nxb6 cxb6 15. e4 {Black gets a
development advantage for his sacrificed pawn but he has yet to prove it is a
sufficient compensation.}) 10. Nxc4 Rb4 11. Qc2 Bb7 12. Bg2 Be7 13. O-O Be4 14.
Qc1 O-O 15. Bd2 Rb7 {and Black should gradually equalize.}) 9... Rb4 $1 10.
Bxf6 gxf6 11. Qa5 Bb7 {[%cal Rd8b8,Rd8a8] The a7-knight is lost, and White
starts a desperate attack. Black makes several inaccuracies, and the attack
becomes quite dangerous.} 12. Bh3 Qb8 (12... Qa8 $142 13. Qh5 Ke7 14. d5 Bxd5
$19) 13. Qh5 Ke7 (13... Rb6 $142 $19) 14. d5 Qxa7 $2 (14... Bxd5 $1 15. Qxd5
exd5 16. Nc6+ Kd6 17. Nxb8 Rxb8 {[%cal Yd7e5] keeping a healthy extra pawn (M.
Notkin).}) 15. dxe6 fxe6 16. Bxe6 $1 Kxe6 17. Qe8+ Be7 18. Qxh8 Nf8 19. Qg8+
Kd7 20. O-O-O+ $2 {[%mdl 16384] White misses his chance. His king will be
unsafe here.} (20. Qg4+ $1 Ke8 21. Qh5+ Ng6 22. Qxh7 $13) (20. Rd1+ $143 Ke8
21. Nd4 {M.Notkin} Bc8) 20... Ke8 21. Qg4 (21. Nd4 c3 $1 {and Black's attack
comes first! The same happens after the text move.}) 21... Qc5 22. a3 Rxb2 $1
23. Kxb2 Qxa3+ 24. Kb1 Qb3+ 25. Ka1 c3 0-1

[Event "Dortmund SuperGM 41st"]
[Site "Dortmund"]
[Date "2013.08.02"]
[Round "7"]
[White "Andreikin, Dmitry"]
[Black "Kramnik, Vladimir"]
[Result "1-0"]
[WhiteElo "2727"]
[BlackElo "2784"]
[Annotator "Krasenkow,M"]
[PlyCount "66"]
[EventDate "2013.07.26"]
[EventType "tourn"]
[EventRounds "9"]
[EventCountry "GER"]
[EventCategory "19"]
[SourceTitle "CBM 156"]
[Source "ChessBase"]
[SourceDate "2013.09.17"]
[SourceVersion "1"]
[SourceVersionDate "2013.09.17"]
[SourceQuality "1"]

1. d4 Nf6 2. c4 e6 3. Nf3 d5 4. Bg5 h6 5. Bxf6 Qxf6 6. Nbd2 g6 {Hardly a good
move before White has played e2-e3.} (6... dxc4 {and}) (6... Nd7 {are common
continuations.}) 7. Qb3 {White should immediately exploit his development
advantage.} (7. g3 {is too slow:} Bg7 8. Qa4+ Nd7 9. Ne5 Qe7 10. f4 O-O 11. Bg2
Nxe5 12. fxe5 c5 $1 $132 {0-1 (29) Labib,I (2432)-Smeets,J (2614) Al-Ain UAE
2012}) 7... dxc4 (7... Qd8 8. cxd5 $5 exd5 9. e4 $40) 8. Qxc4 Qe7 9. Rc1 c6 10.
e4 Bg7 11. e5 O-O 12. Bd3 $14 {We have a position typical of the Moscow
Variation but White is clearly ahead in development. In fact, it is not easy
for Black to develop his queenside.} b6 13. O-O Rd8 (13... Ba6 $5 14. Qb3 Bxd3
15. Qxd3 c5 {may be a decent try} 16. dxc5 $140 Nd7 $1) 14. Qb3 Bb7 15. Be4 Rd7
$6 (15... Qd7 {[%cal Yb8a6] is ugly}) (15... c5 $5 16. Bxb7 Qxb7 17. dxc5 Nc6 {
(K.Landa)} 18. Nc4 Rd5 {, with some counterplay for the pawn, was the best
option.}) 16. Rfd1 c5 17. dxc5 bxc5 18. Qa4 $1 {[%mdl 32] Preventing ...Nb8-c6.
} Rd8 {Black admits his mistake.} (18... Bd5 19. Nb1 $1 {[%cal Yb1c3]}) 19. Nb3
(19. Rxc5 $5 {was probably more energetic:} Bxe4 (19... Na6 20. Rb5) 20. Nxe4
Nd7 21. Rc7 Nb6 22. Rxe7 Nxa4 23. Nd6 Bf8 24. Rb7 $16) 19... Na6 ({In the
event of} 19... Bxe4 20. Qxe4 Nd7 21. h4 {Black's position remains difficult.})
20. Rd6 $1 Bxe4 $6 (20... c4 $142 $1 21. Bxb7 (21. Qxc4 $6 Rac8) 21... Qxb7 22.
Qxc4 (22. Rxd8+ Rxd8 23. Qxc4 Rd5 $14) 22... Rxd6 23. exd6 Rd8 24. Na5 Qxb2 25.
Rf1 Nb8 {, and Black holds on}) 21. Qxe4 Rxd6 22. exd6 {[%csl Gd6] This pawn
decides the game.} Qf8 23. Qb7 $1 Nb4 24. d7 Nd3 25. Rd1 c4 (25... Rd8 {
was the last possibility to put up resistance but Black should lose anyway:}
26. Qc7 $1 (26. Rxd3 $143 c4 27. Rd2 cxb3 28. Qxb3 Qc5) 26... Nxb2 (26... c4
27. Na5) 27. Rb1 $1 {(K.Landa)} Nd3 (27... Nc4 28. Nxc5 Nb6 29. Rxb6 axb6 30.
Nb7 Bf6 31. Nxd8 Bxd8 32. Qb8) 28. Na5 Bf6 29. Nc6 Ra8 30. Nd2 {[%cal Yd2e4]})
26. Na5 {[%cal Ra5c4,Ra5c6]} Rd8 (26... Nxb2 27. Qxa8) 27. Nc6 Qc5 28. Nxd8
Qxf2+ 29. Kh1 Bd4 30. h3 Qe3 31. Nxf7 Bb6 32. N7e5 Nf2+ 33. Kh2 Nxd1 (33...
Nxd1 34. d8=Q+ Bxd8 35. Qf7+ Kh8 36. Nxg6#) 1-0

[Event "EU-chT (Men) 18th"]
[Site "Porto Carras"]
[Date "2011.11.05"]
[Round "3.2"]
[White "Laznicka, Viktor"]
[Black "Sveshnikov, Evgeny"]
[Result "1-0"]
[WhiteElo "2703"]
[BlackElo "2514"]
[Annotator "Krasenkow,M"]
[PlyCount "95"]
[EventDate "2011.11.03"]
[EventType "team-swiss"]
[EventRounds "9"]
[EventCountry "GRE"]
[SourceTitle "CBM 146"]
[Source "ChessBase"]
[SourceDate "2012.01.18"]
[SourceVersion "1"]
[SourceVersionDate "2012.01.18"]
[SourceQuality "1"]
[WhiteTeam "Czech Republic"]
[BlackTeam "Latvia"]
[WhiteTeamCountry "CZE"]
[BlackTeamCountry "LAT"]

1. d4 d5 2. c4 e6 3. Nf3 c6 4. e3 Bd6 5. b3 Nd7 6. Bd3 f5 (6... Ngf6 {would
lead to a normal Semi-Slav position. The version of the Stonewall arising
after the text move is rather favourable for White but GM Evgeny Sveshnikov
knows how to defend it!}) 7. cxd5 {[%mdl 32] Black must recapture with the
c-pawn, after which his d7-knight will be misplaced since its natural square
would be c6. However, Black's defensive possibilities are quite sufficient.} (
7. O-O Nh6 8. Ba3 (8. cxd5 exd5 $1) 8... Bxa3 9. Nxa3 O-O 10. b4 Kh8 11. b5
dxc4 12. Bxc4 Qe7 13. bxc6 bxc6 14. Nc2 Nf7 15. Rb1 Nb6 16. Qe2 c5 17. Rfc1 Bb7
$11 {1/2 Michaelsen,N (2430)-Knaak,R (2530)/Germany 1994/GER-chT (60)}) 7...
cxd5 8. O-O Qe7 9. a4 {[%cal Yc1a3] A standard exchange of the dark-squared
bishops weakening dark squares in the opponent's camp.} Nh6 10. Ba3 Nf7 11. Qc1
Nf6 12. Bxd6 Nxd6 13. Qa3 Bd7 14. Rc1 O-O {Black has fairly comfortable
development. The hole on e5 can be covered by ...Nd6-f7 later on.} 15. Nc3 Rfc8
16. Ne5 Kf8 (16... Rc7 17. Ne2 Rac8 18. Rxc7 Rxc7 19. Nf4 $36) 17. f3 Be8 (
17... Nf7 $5) 18. Qb2 Rc7 19. Rf1 {White changes his plan. He gives up the
c-file and tries to create a kingside attack, preparing g2-g4.} Kg8 20. h3 Nf7
21. b4 Rac8 22. Ne2 Nd7 23. a5 Nd6 24. Rac1 Nxe5 25. dxe5 Nc4 26. Bxc4 Rxc4 27.
Nd4 {A curious position. White has a strong knight but Black controls the
c-file. Chances are approximately level.} Bd7 28. Rb1 Qd8 29. Qd2 Qc7 30. f4
Rc3 31. g4 fxg4 32. hxg4 g6 {This move is probably unnecessary as f4-f5 is not
threatened.} (32... a6 $5) 33. Qf2 Rf8 34. Qg3 Qc4 35. Kh2 Qd3 36. Rbe1 Qe4 37.
Rf3 Rd3 38. Ref1 Kh8 39. Qf2 Rc3 40. Rh3 g5 $6 (40... Rf7 $142 {with a solid
position.}) 41. Qg3 {[%cal Yf4f5]} Rd3 $6 {It was already difficult to find
the right defence.} (41... gxf4 42. Rxf4 Rxf4 43. Qxf4 Qxf4+ 44. exf4 Rc4 45.
Rd3 {[%cal Yf4f5] is quite dangerous.}) (41... Kg8 $142 $1 42. f5 Rfc8 {
[%cal Yc3c1]} 43. Rh5 (43. Re1 R8c4 44. Rh5 Rxd4 45. Rxg5+ Kh8 46. exd4 Qxd4 {
, and White must search for a perpetual after} 47. Qh4 {[%cal Yg5g8]}) (43.
fxe6 Bxe6 $1 44. Nxe6 Rc1 45. Rxc1 Rxc1 46. Qf3 Qxe5+) 43... h6 $1 44. Rf3 (44.
Rxh6 Rxe3) {, and now even} 44... R8c4 {with good counterplay.}) 42. f5 $1 exf5
$6 (42... Rc8 43. fxe6 {as} Bxe6 $2 {doesn't work any more.}) (42... Re8 $1 43.
f6 Rc8 {was still possible.}) 43. gxf5 Bxf5 44. e6 g4 $2 {[%mdl 8192] Loses
instantly but after} (44... Rd2+ 45. Kg1 Rxd4 $8 46. exd4 Rg8 $1 47. Rh2 $1
Bxe6 (47... Qxd4+ 48. Qf2 Qxf2+ 49. Rhxf2 Bxe6 50. Re1 Bc8 51. Re7) 48. Rd2 {
White's prospects are better both in the middlegame (due to Black's unsafe
king) and in the endgame (due to White's advanced queenside pawns).}) 45. Nxf5
Rd2+ (45... Rxf5 46. Qb8+ Kg7 47. Qxb7+ Kf8 48. e7+ Ke8 49. Qc8+ Kxe7 50. Rxh7+
) 46. Kg1 Qxe6 47. Rxh7+ $1 Kxh7 48. Qh4+ 1-0

[Event "Sinquefield Cup 6th"]
[Site "Saint Louis"]
[Date "2018.08.18"]
[Round "1"]
[White "Mamedyarov, Shakhriyar"]
[Black "So, Wesley"]
[Result "1-0"]
[WhiteElo "2801"]
[BlackElo "2780"]
[Annotator "Krasenkow,M"]
[PlyCount "101"]
[EventDate "2018.08.18"]
[EventType "tourn"]
[EventRounds "9"]
[EventCountry "USA"]
[EventCategory "22"]
[SourceTitle "CBM 186"]
[Source "ChessBase"]
[SourceDate "2018.09.14"]
[SourceVersion "1"]
[SourceVersionDate "2018.09.14"]
[SourceQuality "1"]

1. d4 Nf6 2. c4 e6 3. Nf3 d5 4. Bg5 Be7 5. e3 O-O 6. Qc2 {A rare move order.
White delays the development of his b1 knight: it will come out to c3 or d2,
depending on the situation. More common moves:} (6. Nc3 {(which leads to a
normal Queens Gambit Declined)}) (6. Bd3 {but after} dxc4 {Black gains a tempo}
) (6. Nbd2 {, to which} Nbd7 {, followed by ...b7-b6 or ...c7-c5, is rather
satisfactory for Black.}) 6... h6 (6... Nbd7 7. Nc3 {- D61, a well-known line.
However, it hardly suits those who play the Tartakower System.}) 7. Bxf6 (7.
Bh4 b6 8. cxd5 Nxd5 9. Bxe7 Qxe7 10. Nc3 Bb7 $11 {- D58}) 7... Bxf6 8. h4 $5 {
This strategy (an early kingside attack) has recently become popular in the
Tartakower system.} (8. Nc3 {- D55}) 8... g6 (8... c5 9. g4 $1 Nc6 10. g5 Nb4
11. Qd2 hxg5 12. hxg5 Bxg5 13. dxc5 a5 14. a3 Nc6 15. Nc3 $16 {1-0 (27) Li,S 
(2512)-Wu,X (2257) Wuxi 2016}) 9. Nc3 c5 {A logical counterblow in the centre
in reply to a flank attack.} (9... c6 {looks solid but White keeps the
initiative:} 10. O-O-O (10. g4 Bg7 11. O-O-O (11. Ne5 Nd7 12. f4 Nxe5 13. fxe5
c5 14. O-O-O cxd4 15. exd4 Bd7 16. g5 h5 17. Rh2 Qa5 18. Kb1 dxc4 19. Bxc4 Rac8
$132 {1/2 (41) Hakobyan,A (2545)-Poghosyan,S (2301) Yerevan ARM 2018}) 11...
Nd7 12. Kb1 Re8 13. Bd3 dxc4 14. Bxc4 b5 15. Bd3 Bb7 16. Ne4 Qe7 17. g5 h5 18.
Rhg1 c5 19. dxc5 Rec8 $132 {0-1 (40) Kanep,M (2492)-Zumsande,M (2490) Finland
2016}) 10... Nd7 11. e4 (11. Kb1 Bg7 12. Bd3 a6 13. cxd5 cxd5 14. e4 dxe4 15.
Bxe4 Qb6 16. g4 Rd8 17. Na4 Qa5 18. g5 h5 19. Nc5 Rb8 $13 {0-1 (58) Jakovenko,
D (2738)-Bacrot,E (2704) Montpellier 2015}) 11... Bg7 12. h5 (12. cxd5 $5 cxd5
13. e5 a6 14. Bd3 b5 15. Kb1 Bb7 16. Ne2 Qe7 17. Nf4 Rfc8 18. Qe2 b4 19. Rc1 a5
20. Bb5 $14 {1-0 (43) Lerner,K (2525)-Polovodin,I (2435) Tallinn (Estland) 1983
}) 12... g5 13. Kb1 g4 {, and now White should have played} 14. Nh4 $36 ({
instead of} 14. Nh2 c5 15. dxc5 d4 16. Nb5 Nxc5 17. e5 Bxe5 18. Nxg4 Bg7 $13 {
0-1 (46) Kanep,M (2531)-Akobian,V (2618) Caleta 2011})) 10. dxc5 dxc4 11. h5 g5
12. Bxc4 Qa5 13. Rc1 (13. O-O $5 Bxc3 14. bxc3 Qxc5 15. Qe4 {looks more
promising. After the possible} Qc6 (15... Nd7 $6 16. Bxe6 $1) 16. Qd3 Nd7 17.
Rfd1 {White keeps some pressure.}) 13... Nd7 $6 (13... Qxc5 $142 {then
developing the knight to c6, and Black should equalise.}) 14. O-O Bxc3 (14...
Nxc5 15. Nd4 $36) (14... Qxc5 $5 15. Ne4 Qa5) 15. Qxc3 Qxc3 16. Rxc3 Nxc5 17.
Ne5 $14 {Wtite has the better prospects here, due to his development advantage
and weakness of Black's kingside.} b6 18. f4 Ne4 $6 {Black pushes White's rook
to a more active position.} (18... a5 $142 $14) 19. Rd3 $16 {[%csl Gd3]} Ng3 $6
{This is senseless but it is not easy to find a good move.} ({Maybe} 19... Rb8
{recommended by chesspro.ru, was the lesser evil.}) 20. Rf3 Ne4 21. Rd4 Bb7 22.
f5 $1 $40 Nf6 23. Rf1 Rae8 24. fxe6 fxe6 25. Ng6 Rf7 26. Ne5 Rff8 27. Rd6 Bd5
28. Rxf6 Rxf6 29. Bxd5 exd5 30. Rxf6 Rxe5 31. Rxh6 {[%mdl 4096] As a result of
White's attack, he has won a pawn.} Rxe3 32. Rg6+ Kh7 33. Rxg5 $6 (33. Kf2 $1
Re5 34. Kf3 {(recommended by chesspro.ru), with the idea of g2-g3 and Kf3-g4,
and Black can hardly survive, e.g.} d4 (34... Rf5+ 35. Kg4 Rf2 36. g3 Rxb2 37.
Kxg5 Rxa2 38. h6 $18) (34... b5 35. b4 $1) 35. Rd6 Re3+ 36. Kg4 d3 37. a4 $1
Re2 38. g3 $1 {(chesspro.ru), and White should win.}) 33... Re2 34. Rxd5 Rxb2
35. Kh2 {White gives his material advantage back but prepares the advance of
his pawns. They will be stronger than Black's pawns as they are supported by
White's king. However, this advantage proves insufficient for a victory.} (35.
a4 Kh6 $1 36. Kh2 Ra2 37. Kh3 Rxa4 38. g4 Ra1 {- see below}) (35. g4 Rxa2 36.
g5 Ra5 $1 37. Rd7+ Kg8 $11) 35... Rxa2 36. Kh3 a5 $2 {But this is wrong. Black
should have stopped White's pawns:} (36... Kh6 $1 {[%cal Ra2a5]} 37. g4 Ra1 $1
{(indicated by chesspro.ru), e.g.} 38. Kh4 (38. Rd6+ Kg5 39. Rg6+ Kf4 40. h6
Rh1+ 41. Kg2 Rh4 42. g5 b5 43. Rg7 b4 44. h7 b3 45. g6 Kf5 {and White has no
time to queen his pawns}) 38... Rh1+ 39. Kg3 Rg1+ 40. Kf3 Rf1+ 41. Kg2 Rc1 42.
Rd6+ Kg5 43. Rg6+ Kf4 44. h6 Rc2+ 45. Kh3 Rc1 46. Kg2 Rc2+ 47. Kf1 a5 48. g5
Rh2 {, and White can't win.}) 37. g4 a4 (37... Kh6 38. Kh4 Rh2+ 39. Kg3 Rc2 40.
Rd6+ $18) 38. g5 a3 39. Rd7+ Kg8 40. Rd8+ Kh7 41. Rd7+ Kg8 42. Rd8+ Kh7 43. g6+
Kh6 44. Rh8+ Kg7 45. Rh7+ Kg8 46. Ra7 Ra1 47. Kg2 {[%cal Rh5h6]} Rc1 48. h6 Rc8
49. Rxa3 b5 50. Ra7 Rb8 51. Kg3 (51. Kg3 b4 52. h7+ Kh8 53. Kg4 (53. Rf7 {
(threatening 54.g7+ Kxh7 55.Rf8)} Rc8 54. Rb7 {is winning, too}) 53... b3 54.
Kg5 b2 55. Kh6 $18) 1-0